El banquete de los analistas /

保存先:
書誌詳細
第一著者: Miller, Jacques-Alain (autor)
フォーマット: 図書
言語:スペイン語
出版事項: Buenos Aires, Argentina : Paidós, 2000, c2000
シリーズ:(Los Cursos Psicoanalíticos de J.A. Miller)
主題:
タグ: タグ追加
タグなし, このレコードへの初めてのタグを付けませんか!

MARC

LEADER 00000nam^a2200000^a^4500
001 000116861
005 20250521000000.0
009 20260310094143.488
020 |a 950-12-8852-8 
037 |a Acervo ITESO - Biblioteca 
041 |a ESP 
082 |a 150. 1957  |b MIL V. 9 
100 |a Miller, Jacques-Alain  |e (autor) 
240 1 4 |a [La orientación lacaniana: cursos psicoanalíticos de Jacques-Alain Miller] 
245 1 3 |a El banquete de los analistas /  |c J.A. Miller ; texto establecido por Graciela Brodsky ; tr. por Nora A. González. 
264 4 |a Buenos Aires, Argentina :  |b Paidós,  |c 2000, c2000 
300 |a 428 p. 
336 |a texto  |b txt  |2 rdacontenido 
337 |a sin mediación  |b n  |2 rdamedio 
338 |a volumen  |b nc  |2 rdasoporte 
440 5 |a (Los Cursos Psicoanalíticos de J.A. Miller) 
649 |a XX 
650 |a Escuela Francesa de Psicoanálisis 
650 |a Psicoanálisis Freudiano 
650 |a Psicoanálisis Lacaniano -  |x Tema Principal 
650 |a Psicología Clínica 
910 |a Fondo General 
920 |a Impresos - Libros 
930 |a Colección General 
905 |a 101 
901 |a 0500052379  |b IT1  |c ACC  |u 20250521 
902 |a https://opac.biblio.iteso.mx/vufind/Record/000116861